NATO Members of Europe on a Map - Statistics

General Stats
  • This quiz has been taken 179 times
  • The average score is 25 of 27
Answers on the Map
Answers color-coded by a green-red scale on the quiz's map according to % correct below.
 
Answer Stats
Answer % Correct
France
100%
United Kingdom
100%
Norway
99%
Portugal
99%
Spain
99%
Belgium
98%
Germany
98%
Italy
97%
Poland
96%
Greece
95%
Iceland
95%
Netherlands
95%
Denmark
94%
Luxembourg
94%
Croatia
92%
Hungary
92%
Lithuania
92%
Romania
92%
Albania
91%
Bulgaria
91%
Czechia
91%
Latvia
91%
Estonia
90%
Slovakia
90%
North Macedonia
89%
Slovenia
89%
Montenegro
86%
No matching quizzes found
Score Distribution
Percent of People with Each Score
Percentile by Number Answered
Your Score History
You have not taken this quiz